Countries with Spanish as Official Language - Statistics

General Stats
  • This quiz has been taken 19 times
  • The average score is 15 of 17
Answer Stats
Continent # Country % Correct
South America 1 Peru
100%
Europe 1 Spain
100%
South America 1 Chile
94%
South America 1 Colombia
94%
North America 1 Cuba
94%
North America 1 Dominican Republic
94%
South America 1 Ecuador
94%
South America 2 Paraguay
94%
South America 1 Venezuela
94%
North America 1 El Salvador
88%
North America 1 Honduras
88%
North America 1 Nicaragua
88%
South America 37 Bolivia
82%
North America 1 Costa Rica
82%
North America 1 Guatemala
76%
North America 1 Panama
76%
Africa 3 Equatorial Guinea
71%
No matching quizzes found
Score Distribution
Percent of People with Each Score
Percentile by Number Answered
Your Score History
You have not taken this quiz